00237nam a2200097Ia 4500008004100000100002000041245002900061260003200090300000900122650000800131191201s2009 xx 000 0 und d aGUPTA, Shashi K 0aOrganisational Behaviour aN. delhibkalyani pubc2009 amisc aMBA